ՀՀ Գիտությունների ազգային ակադեմիայի հիմնարար գիտական գրադարան  =   Fundamental Scientific Library of NAS RA

Каталитические явления в природе / (Record no. 398918)

MARC details
000 -LEADER
fixed length control field 00738nam a22001937a 4500
003 - CONTROL NUMBER IDENTIFIER
control field AM-YeHGA
005 - DATE AND TIME OF LATEST TRANSACTION
control field 20250617153827.0
008 - FIXED-LENGTH DATA ELEMENTS--GENERAL INFORMATION
fixed length control field 180201s1922 ru ||||| |||| 00| 0 rus d
040 ## - CATALOGING SOURCE
Original cataloging agency AM-YeHGA
041 0# - LANGUAGE CODE
Language code of text/sound track or separate title rus
090 ## - LOCALLY ASSIGNED LC-TYPE CALL NUMBER (OCLC); LOCAL CALL NUMBER (RLIN)
-- 401055
100 1# - MAIN ENTRY--PERSONAL NAME
Personal name Ипатьев, Владимир Николаевич
245 10 - TITLE STATEMENT
Title Каталитические явления в природе /
Statement of responsibility, etc. Акад. Вл. Н. Ипатьев, М. А. Блох Р.С.Ф.С.Р. Науч.-техн. отд. В.С.Н.Х.
260 ## - PUBLICATION, DISTRIBUTION, ETC.
Place of publication, distribution, etc. Петроград :
Name of publisher, distributor, etc. Науч. хим.-техн. изд-во ,
Date of publication, distribution, etc. 1922.
300 ## - PHYSICAL DESCRIPTION
Extent 90 с. ,
Dimensions 27 см.
650 14 - SUBJECT ADDED ENTRY--TOPICAL TERM
Topical term or geographic name entry element Катализ - Явления в природе
700 1# - ADDED ENTRY--PERSONAL NAME
Personal name Блох, М. А.
942 ## - ADDED ENTRY ELEMENTS (KOHA)
Source of classification or shelving scheme Universal Decimal Classification
Koha item type Գրքեր / Books
Holdings
Withdrawn status Lost status Source of classification or shelving scheme Damaged status Not for loan Collection Home library Current library Date acquired Total checkouts Full call number Barcode Date last seen Price effective from Koha item type Public note
    Universal Decimal Classification     General Fundamental Scientific Library Fundamental Scientific Library 01/02/2018   PIII/11313 FL0476662 01/02/2018 01/02/2018 Գրքեր / Books 30 Days Loan


ՀՀ ԳԱԱ հիմնարար գիտական գրադարան
ՀՀ,Երևան 0019
Մարշալ Բաղրամյան 24/6
հեռախոս:(374-10) 52-47-50
Հետադարձ կապ

All site content, except where otherwise noted, is licensed under a
Creative Commons License